[Event "12th WY U16 Ol"]
[Site "Singapore SIN"]
[Date "2007.08.12"]
[Round "10"]
[White "Aplin,C"]
[Black "Salehian,Si"]
[Result "1-0"]
[WhiteElo "2042"]
[BlackElo "1989"]

1.e4 d6 2.d4 Nf6 3.Nc3 e5 4.Nf3 Nbd7 5.h3 exd4 6.Qxd4 c6 7.a4 Nc5 8.Bc4 Be7
9.Be3 Qc7 10.O-O O-O 11.Rad1 Be6 12.Bxe6 fxe6 13.e5 Nd5 14.exd6 Bxd6 15.Ne4 Nxe4
16.Qxe4 Rae8 17.Rfe1 Rf5 18.Re2 Nf6 19.Qc4 Rd5 20.Rde1 Nd7 21.Bd2 Nf8 22.Bc3 Qf7
23.Qg4 h5 24.Qe4 Ng6 25.g3 Bc5 26.b4 Bd6 27.h4 Nf8 28.Ng5 Qd7 29.Qf3 g6 30.Ne4 Nh7
31.Qf6 e5 32.Qxg6+ Kh8 33.Nxd6 Rxd6 34.Rxe5  1-0

[Event "Acropolis Open"]
[Site "Athens GRE"]
[Date "2007.08.14"]
[Round "1"]
[White "Can,E"]
[Black "Makka,I"]
[Result "1-0"]
[WhiteElo "2411"]
[BlackElo "2187"]

1.e4 d6 2.d4 Nf6 3.Nc3 Nbd7 4.g4 h6 5.Be3 e5 6.h3 c6 7.Nge2 b5 8.Ng3 b4 9.Nce2 d5
10.Bg2 dxe4 11.dxe5 Nxe5 12.Qxd8+ Kxd8 13.O-O-O+ Ned7 14.Nxe4 Nd5 15.Bd2 Bb7
16.c4 bxc3 17.N2xc3 Nxc3 18.Bxc3 Kc7 19.Rd3 Ba6 20.Rd2 Bc4 21.Ng3 Bxa2 22.Ba5+ Nb6
23.Rc2 Rc8 24.Rxc6+ Kb8 25.Rxc8+ Kxc8 26.Bc3 Na4 27.Bd4 Nc5 28.Kc2 Be6 29.Ne4 Nxe4
30.Bxe4 a5 31.Ra1 h5 32.Rxa5 hxg4 33.Ra8+ Kd7 34.Ra7+ Kc8 35.hxg4 Bxg4 36.Rxf7 Rg8
37.Bb7+ Kd8 38.Bc6 Bd6 39.Rxg7 Bf5+ 40.Kc3 Rf8 41.Ra7 Bb8 42.Ra8 Kc7 43.Bg2 Kc8
44.b4 Kd7 45.Bc5 Rg8 46.Bd5 Rh8 47.b5 Be5+ 48.Bd4 Rh3+ 49.f3 Bd6 50.b6 Rh1
51.Ra7+ Ke8 52.Bc6+ Kf8 53.Be4 Be6 54.b7 Rc1+ 55.Kb2 Rc4 56.Bc3 Rc5 57.Ra8+ Kf7
58.b8=Q Bxb8 59.Rxb8  1-0

[Event "TCh-ESP CECLUB Norte Div 1"]
[Site "Sabadell ESP"]
[Date "2007.08.16"]
[Round "3"]
[White "Mellado Trivino,J"]
[Black "Garcia Castro,P"]
[Result "1/2-1/2"]
[WhiteElo "2389"]
[BlackElo "2405"]

1.e4 d6 2.d4 Nf6 3.Nc3 Nbd7 4.Nf3 e5 5.Bc4 Be7 6.O-O O-O 7.a4 c6 8.b3 a5
9.Ba3 Qc7 10.Qd2 Nb6 11.Be2 Bg4 12.Qe3 Rfe8 13.dxe5 dxe5 14.Bxe7 Rxe7 15.Nh4 Be6
16.Rad1  1/2-1/2

[Event "Independence Cup A"]
[Site "Kyiv UKR"]
[Date "2007.08.17"]
[Round "5"]
[White "Malienko,A"]
[Black "Manilyk,A"]
[Result "0-1"]
[WhiteElo "2240"]
[BlackElo "2133"]

1.e4 d6 2.d4 Nf6 3.Nc3 c6 4.f4 Qa5 5.Bd2 Qb6 6.Nf3 Qxb2 7.Rb1 Qa3 8.Bc4 e6
9.O-O Be7 10.Ng5 d5 11.Rb3 Qd6 12.e5 Qd8 13.Bd3 Ng8 14.Nxf7 Kxf7 15.Qh5+ g6
16.Bxg6+ hxg6 17.Qxh8 Qf8 18.f5 exf5 19.Ne2 Qg7 20.Qh3 Nd7 21.Nf4 Nf8 22.Rg3 Bd7
23.c3 Ke8 24.Qh5 Kf7 25.Nxg6 Nxg6 26.Rxf5+ Bxf5 27.Qxf5+ Bf6 28.e6+ Ke7 29.Rxg6 Qh8
30.Bg5 Rc8 31.h4 c5 32.Qxd5 Rd8 33.Qxc5+ Kxe6 34.Qc4+ Ke7 35.Qc7+ Rd7 36.Rxg8 Qxg8
37.Bxf6+ Ke6 38.Qe5+ Kf7 39.Qf5 Ke8 40.Bg5 Qxa2 41.Qe4+ Kf7 42.Qh7+ Ke8 43.Qh8+ Kf7
44.Qh5+ Kf8 45.Qh6+ Kf7 46.Qh7+ Ke8 47.Qe4+ Kf7 48.h5 Qe6 49.Qh7+ Ke8 50.Qh8+ Kf7
51.h6 Kg6 52.Bd2 a5 53.Qa8 b6 54.Qb8 a4 55.Qg3+ Kh7 56.Qd3+ Qg6 57.Qb5 Ra7
58.c4 a3 59.Bc3 a2 60.Ba1 Qb1+ 61.Kh2 Qxb5 62.cxb5 Rc7 63.Kg3 Rc1 64.Bb2 Rb1  0-1

[Event "Open A"]
[Site "Polanica Zdroj POL"]
[Date "2007.08.17"]
[Round "1"]
[White "Kocwin,B"]
[Black "Lubczynski,R"]
[Result "0-1"]
[WhiteElo "2204"]
[BlackElo "2368"]

1.e4 d6 2.d4 Nf6 3.Nc3 e5 4.dxe5 dxe5 5.Qxd8+ Kxd8 6.Bc4 Be6 7.Bxe6 fxe6
8.Bg5 Bd6 9.O-O-O Ke7 10.Nf3 Nc6 11.Nd2 h6 12.Bh4 g5 13.Bg3 Nh5 14.Nc4 a6
15.Rd2 b5 16.Nxd6 cxd6 17.Nd1 Rad8 18.Ne3 Nf6 19.f3 d5 20.exd5 exd5 21.h4 Ke6
22.Re1 Rhe8 23.hxg5 hxg5 24.Nd1 Kf5 25.c3 Rd7 26.Nf2 b4 27.Nd3 bxc3 28.bxc3 Rc7
29.Rde2 Nd7 30.Kd2 Rb7 31.Ke3 Na5 32.Kf2 Nc4 33.Nb4 d4 34.Nd3 dxc3 35.Rc1 Nb2
36.Ne1 Nc5 37.Kg1 Nba4 38.Rd1 Rd7 39.Rxd7 Nxd7 40.Re4 Nab6 41.Rb4 Rc8 42.Nc2 Nd5
43.Ra4 Rb8 44.Rxa6 Rb2 45.Ne1 c2 46.Rc6 Nb4 47.Rc4 Rb1 48.a3 Nd3 49.Rxc2 Nxe1
50.Bxe1 Rxe1+ 51.Kf2 Ra1 52.g4+ Ke6 53.Rc6+ Kd5 54.Rg6 Nc5 55.Rxg5 Nd3+ 56.Kg3 Rxa3
57.Rg8 Ne1 58.Rf8 e4 59.Rd8+ Kc6 60.Kf4 exf3 61.Kg3 Ra2 62.g5 Rg2+ 63.Kh4 f2
64.Rf8 Nd3 65.Kh5 Rg1 66.g6 f1=Q 67.Rxf1 Rxf1 68.g7 Nf4+  0-1

[Event "Romanian Open"]
[Site "Predeal ROM"]
[Date "2007.08.17"]
[Round "8"]
[White "Onischuk,V"]
[Black "Berry,N"]
[Result "1-0"]
[WhiteElo "2506"]
[BlackElo "2300"]

1.e4 d6 2.d4 Nf6 3.Nc3 e5 4.Nf3 Nbd7 5.Bc4 Be7 6.O-O O-O 7.Re1 c6 8.a4 b6
9.b3 a6 10.Bb2 Bb7 11.Bd3 Qc7 12.Ne2 b5 13.Ng3 Rfe8 14.c3 Bf8 15.Qc2 g6 16.a5 Bg7
17.b4 c5 18.d5 cxb4 19.cxb4 Qxc2 20.Bxc2 Rec8 21.Bb3 Rc7 22.Re2 Ne8 23.Ne1 h5
24.Nd3 Rac8 25.Rae1 Bf6 26.Nf1 Ng7 27.Nd2 Re8 28.g3 h4 29.Kg2 Nh5 30.Nf3 hxg3
31.hxg3 Bc8 32.Nd2 Bg5 33.f3 Bh6 34.Rh1 Bg7 35.Nb1 Bb7 36.Bc1 Rec8 37.Bg5 Re8
38.Bd2 Rec8 39.Ree1 Re8 40.Nc3 Rec8 41.Ne2 Nhf6 42.Ng1 Ne8 43.Nh3 Nef6 44.Re2 Re8
45.Nhf2 Rcc8 46.Nd1 Re7 47.Rhe1 Ree8 48.N1f2 Nh5 49.g4 Nhf6 50.Kg3 Re7 51.Rh1 Ree8
52.Nd1 Rc7 53.Reh2 Kf8 54.Re1 Kg8 55.Kf2 Rcc8 56.Ne3 Rc7 57.Nf1 Rcc8 58.Ng3 Kf8
59.Reh1 Ng8 60.Ke2 Rc7 61.Nf2 Bc8 62.Kd3 Bb7 63.g5 Bc8 64.Rh7 Nb8 65.Bc3 f5
66.gxf6 Nxf6 67.R7h2 Kf7 68.Bd2 Bd7 69.Nd1 Rcc8 70.Rg1 Rh8 71.Rhg2 Bh6 72.Ne3 Bh3
73.Rf2 Bd7 74.Ne2 Nh5 75.Nf1 Bxd2 76.Nxd2 Kf6 77.f4 Nxf4+ 78.Nxf4 exf4 79.Rxf4+ Kg7
80.Nf3 Rcf8 81.Rxf8 Rxf8 82.Ke3 Rc8 83.Kd4 Be8 84.e5 dxe5+ 85.Nxe5 Nd7 86.Nd3 Bf7
87.Nc5 Nb8 88.Rc1 Rd8 89.Ke4 Re8+ 90.Ne6+ Kf6 91.Rf1+ Ke7 92.Kd4 Bxe6 93.dxe6 Rd8+
94.Kc5 Rd3 95.Rf7+ Ke8 96.Bd5 Rc3+ 97.Kd6 g5 98.Rg7  1-0

[Event "Acropolis Open"]
[Site "Athens GRE"]
[Date "2007.08.18"]
[Round "5"]
[White "Stiri,A"]
[Black "Danielian,E"]
[Result "0-1"]
[WhiteElo "2251"]
[BlackElo "2439"]

1.e4 c6 2.d4 d6 3.Nc3 Nf6 4.f4 Qa5 5.Bd3 e5 6.Nf3 exd4 7.Nxd4 Be7 8.O-O Qb6
9.Be2 O-O 10.Be3 Qc7 11.h3 Re8 12.Bd3 Bf8 13.Qf3 a6 14.Rae1 c5 15.Nf5 c4
16.e5 cxd3 17.exf6 Bxf5 18.Nd5 Qc6 19.Bd4 Nd7 20.fxg7 Bxg7 21.Bxg7 Kxg7 22.Qg3+ Kh8
23.Ne7 Qc5+ 24.Kh2 d2 25.Nxf5 Rg8  0-1

[Event "Petrovskaya Ladya GM"]
[Site "Peterhof RUS"]
[Date "2007.08.18"]
[Round "9"]
[White "Kashtanov,R"]
[Black "Khruschiov,A"]
[Result "0-1"]
[WhiteElo "2352"]
[BlackElo "2454"]

1.e4 d6 2.d4 Nf6 3.Nc3 e5 4.Nf3 Nbd7 5.g4 Nxg4 6.Rg1 exd4 7.Nxd4 Nde5 8.h3 Nf6
9.Be3 g6 10.f4 Nc6 11.Qf3 Bg7 12.O-O-O O-O 13.h4 Bd7 14.h5 Nxh5 15.Nf5 Bxf5
16.exf5 Qf6 17.Rg5 Rae8 18.Bb5 h6 19.Rgg1 Qxf5 20.Nd5 Nb4 21.Nxb4 Qxb5 22.c3 Qf5
23.Nc2 Re4 24.Rdf1 Rfe8 25.Bd2 a5 26.Ne3 Qc5 27.Ng4 Nf6 28.Nxf6+ Bxf6 29.f5 g5
30.Qh5 Kg7 31.Rh1 Rh8 32.Rfg1 Qxf5 33.Rf1 Qg6 34.Qf3 Rhe8 35.Rh2 Be5 36.Rhf2 Bf4
37.Bxf4 Rxf4 38.Qxb7 Rxf2 39.Rxf2 Qe4  0-1

[Event "Romanian Open"]
[Site "Predeal ROM"]
[Date "2007.08.18"]
[Round "9"]
[White "Javakhishvili,L"]
[Black "Netzer,Je"]
[Result "1/2-1/2"]
[WhiteElo "2460"]
[BlackElo "2383"]

1.d4 d6 2.e4 Nf6 3.Nc3 e5 4.Nf3 Nbd7 5.Bc4 Be7 6.O-O O-O 7.a4 c6 8.Bb3 exd4
9.Nxd4 Nc5 10.Re1 Bg4 11.f3 Nxb3 12.Nxb3 Be6 13.Nd4  1/2-1/2

[Event "VIII Open"]
[Site "Tarragona ESP"]
[Date "2007.08.18"]
[Round "1"]
[White "Sanmartin Agustin,A"]
[Black "Oratovsky,M"]
[Result "1/2-1/2"]
[WhiteElo "1910"]
[BlackElo "2525"]

1.e4 d6 2.d4 Nf6 3.Nc3 Nbd7 4.Be3 e5 5.h3 c6 6.Nf3 b5 7.Bd3 Be7 8.Qd2 O-O
9.a4 b4 10.Ne2 Re8 11.O-O Bf8 12.Ng3 exd4 13.Bxd4 c5 14.e5 dxe5 15.Bxe5 Bb7
16.Bxf6 Nxf6 17.Bb5 Qxd2 18.Nxd2 Red8 19.Nb3 Bd5 20.Na5 Bd6 21.Nf5 Be4 22.Nxd6 Rxd6
23.Nc4 Rd4 24.c3 bxc3 25.bxc3 Rd3 26.f3 Bg6 27.Ne5 Rxc3 28.Rac1 Rxc1 29.Rxc1 Rc8
30.Nc6 Rc7 31.Rxc5 Kf8 32.Rc4 Nd7 33.Ne5 Rxc4 34.Nxc4 Nc5  1/2-1/2

[Event "14th Ordix Open"]
[Site "Mainz GER"]
[Date "2007.08.19"]
[Round "10"]
[White "Khenkin,I"]
[Black "Bologan,V"]
[Result "1/2-1/2"]
[WhiteElo "2602"]
[BlackElo "2650"]

1.d4 d6 2.e4 Nf6 3.Nc3 e5 4.dxe5 dxe5 5.Qxd8+ Kxd8 6.Bc4 Ke8 7.Nf3 Bd6 8.Bg5 Nbd7
9.O-O-O a6 10.a4 h6 11.Bh4 Nb6 12.Bb3 Bg4 13.Bxf6 gxf6 14.Nd5 Nxd5 15.Bxd5 Rb8
16.Rd3 Bxf3  1/2-1/2

[Event "20th Open"]
[Site "Panevezys LTU"]
[Date "2007.08.19"]
[Round "2"]
[White "Traczewski,W"]
[Black "Vaitonis,V"]
[Result "1/2-1/2"]
[WhiteElo "1961"]
[BlackElo "2117"]

1.e4 d6 2.d4 Nf6 3.Nc3 c6 4.Bd3 e5 5.Nge2 Nbd7 6.O-O Be7 7.Kh1 O-O 8.dxe5 dxe5
9.Ng3 Nc5 10.f4 Nxd3 11.Qxd3 Qxd3 12.cxd3 Rd8 13.fxe5 Ng4 14.Nf5 Bxf5 15.exf5 Nxe5
16.d4 Rxd4 17.Be3 Rd3 18.Rfe1 Nc4 19.Bxa7 Bb4 20.a3 Rxa7 21.axb4 Rxa1 22.Rxa1 h5
23.Ne4 f6 24.Nc5 Rd5 25.Nxb7 Rxf5 26.b3 Ne5 27.Nd6 Rf4 28.b5 cxb5 29.Nxb5 Rb4
30.Nd6 Rxb3 31.Ra8+ Kh7 32.Ra1 Kg6 33.h3 Rd3 34.Ne4 Rd4 35.Nc5 Rd6 36.Ne4  1/2-1/2

[Event "20th Open"]
[Site "Panevezys LTU"]
[Date "2007.08.19"]
[Round "2"]
[White "Narmontas,T"]
[Black "Ziabari,M"]
[Result "1-0"]
[WhiteElo "2227"]
[BlackElo "2003"]

1.e4 d6 2.d4 Nf6 3.Nc3 c6 4.g3 Bg4 5.f3 Bh5 6.Bg2 Nbd7 7.Nge2 e5 8.Be3 h6
9.O-O Be7 10.Qd2 O-O 11.h3 Nb6 12.b3 Qc7 13.g4 Bg6 14.f4 Nfd7 15.a4 Rad8
16.g5 hxg5 17.f5 Bh5 18.Ng3 g6 19.Nxh5 gxh5 20.Bxg5 f6 21.Bh6 Rf7 22.Bf3 exd4
23.Bxh5 Rh7 24.Ne2 Bf8 25.Bxf8 Nxf8 26.Nf4 Qg7+ 27.Kh1 Qh6 28.Qxd4 Rdd7 29.Bg6 Nxg6
30.fxg6 Rhg7 31.Qxf6 Rde7 32.Nh5 Nd7 33.Qh4 Kh8 34.Rf4 Re8 35.Nxg7 Kxg7 36.Rf7+  1-0

[Event "TCh-ESP CECLUB Norte Div 1"]
[Site "Sabadell ESP"]
[Date "2007.08.19"]
[Round "6"]
[White "Baklan,V"]
[Black "Strikovic,A"]
[Result "1-0"]
[WhiteElo "2648"]
[BlackElo "2567"]

1.e4 d6 2.d4 Nf6 3.Nc3 e5 4.Nf3 Nbd7 5.Bc4 Be7 6.O-O O-O 7.Re1 c6 8.a4 b6
9.Ba2 a6 10.Bg5 Rb8 11.dxe5 Nxe5 12.h3 Nxf3+ 13.Qxf3 Ne8 14.Bf4 Be6 15.Ne2 Bf6
16.c3 c5 17.Bd5 Bxd5 18.exd5 Be5 19.Ng3 Bxf4 20.Qxf4 Rb7 21.Re2 Re7 22.Rae1 Rxe2
23.Rxe2 Nf6 24.Nf5 Nxd5 25.Qd2 Nc7 26.Re7 g6 27.Qxd6 gxf5 28.Qg3+ Kh8 29.Qe5+ Kg8
30.Qg3+ Kh8 31.Qxc7 Qd1+ 32.Kh2 Qxa4 33.Qe5+ Kg8 34.Qg3+ Kh8 35.Qe5+ Kg8
36.Qxf5 Qc6 37.Re4 Kh8 38.Rg4 Qd6+ 39.g3 f6 40.Re4 Qd3 41.Qe6 b5 42.Rf4 Qd2
43.Qe7 Qd8 44.Qxc5 Re8 45.Qc6 Re2 46.Rxf6 Rxb2 47.Qf3 Kg7 48.Rf7+ Kg8 49.Rf4 Rd2
50.Qg4+ Kh8 51.Rf7 Qg8 52.Qf4 Qg6 53.Qe5+  1-0

[Event "Rubinstein Mem"]
[Site "Polanica Zdroj POL"]
[Date "2007.08.20"]
[Round "3"]
[White "Czarnota,P"]
[Black "Markowski,T"]
[Result "0-1"]
[WhiteElo "2575"]
[BlackElo "2573"]

1.e4 d6 2.d4 Nf6 3.Nc3 e5 4.Nge2 Be7 5.g3 c6 6.Bg2 Nbd7 7.O-O b5 8.a3 a5
9.h3 Ba6 10.b4 Bb7 11.Rb1 axb4 12.axb4 h5 13.f4 O-O 14.Qd3 Qc7 15.Qf3 exd4
16.Nxd4 g6 17.Kh1 Rfe8 18.Bb2 Bf8 19.Rbd1 Rac8 20.Rfe1 Qb8 21.Qd3 c5 22.Nf3 cxb4
23.Nd5 Bxd5 24.exd5 Bg7 25.Kg1 Nc5 26.Qd4 Na4 27.Qxb4 Nxb2 28.Qxb2 Ne4 29.Qb3 Rc3
30.Qb4 Qb6+ 31.Kh2 Rc4 32.Qb3 Rec8 33.Qe3 Qa5 34.Re2 Nc3 35.Rde1 Nxe2 36.Rxe2 Qd8
37.f5 gxf5  0-1

[Event "Open A"]
[Site "Polanica Zdroj POL"]
[Date "2007.08.21"]
[Round "5"]
[White "Czarnota,D"]
[Black "Lubczynski,R"]
[Result "0-1"]
[WhiteElo "2243"]
[BlackElo "2368"]

1.e4 d6 2.d4 Nf6 3.Nc3 e5 4.Nf3 Nbd7 5.Bc4 Be7 6.O-O O-O 7.Re1 c6 8.a4 a5
9.h3 h6 10.b3 Qc7 11.Ba3 Rd8 12.d5 Nf8 13.Kh2 Ng6 14.g3 Bd7 15.Qe2 Qc8 16.Ng1 Ne8
17.Rad1 c5 18.Bd3 Nf8 19.Bc1 g5 20.g4 Ng6 21.Qf1 Nf4 22.Bc4 Nf6 23.f3 Kg7
24.Nge2 h5 25.Nxf4 gxf4 26.Re2 hxg4 27.hxg4 Rh8+ 28.Kg1 Qg8 29.Bb5 Qh7 30.Qg2 Rag8
31.Bxd7 Nxd7 32.Kf1 Bh4 33.Qg1 Bg3 34.Rg2 Kf8 35.Ke2 Rg6 36.Kd3 c4+ 37.Kxc4 Ke7
38.Ba3 Qh3 39.Nb5 Rc8+ 40.Kd3 Bh4 41.Rf1 Be1 42.Rh2 Qg3 43.Qh1 Bb4 44.Bxb4 axb4
45.Rh3 Nc5+ 46.Kd2 Nxe4+ 47.fxe4 Qxg4 48.Rf2 Rcg8 49.c3 Qc8 50.Rhf3 Rg1 51.Qh4+ R8g5
52.Rf1 Rg2+ 53.R1f2 Rg1 54.Rf1 Rg4 55.Qe1 Qc5 56.R1f2 Rg1 57.Qe2 Ra1 58.Qc4 Ra2+
59.Ke1 Rg1+ 60.Rf1 Ra1+ 61.Ke2 Rg2+ 62.R1f2 Rxf2+  0-1

[Event "XIX Open"]
[Site "Porto San Giorgio ITA"]
[Date "2007.08.21"]
[Round "1"]
[White "Rendle,T"]
[Black "Fattorelli,L"]
[Result "1/2-1/2"]
[WhiteElo "2416"]
[BlackElo "2039"]

1.e4 d6 2.d4 Nf6 3.Nc3 c6 4.Nf3 Bg4 5.h3 Bh5 6.Be3 e6 7.Bd3 d5 8.e5 Nfd7
9.g4 Bg6 10.Ng5 Bxd3 11.Qxd3 h6 12.Nxe6 fxe6 13.Qg6+ Ke7 14.Ne2 Qe8 15.Nf4 Qf7
16.O-O-O Rg8 17.Qd3 g6 18.h4 Kd8 19.Rdf1 c5 20.Ne2 Nc6 21.Qb5 Kc7 22.f4 a6
23.Qd3 cxd4 24.Nxd4 Nc5 25.Qe2 Ne4 26.Rh3 Nxd4 27.Bxd4 Be7 28.Rb3 Rac8 29.Rff3 Bc5
30.Be3 Bxe3+  1/2-1/2

[Event "20th Open"]
[Site "Panevezys LTU"]
[Date "2007.08.22"]
[Round "6"]
[White "Klimciauskas,D"]
[Black "Ziabari,M"]
[Result "1-0"]
[WhiteElo "2162"]
[BlackElo "2003"]

1.e4 d6 2.d4 Nf6 3.Nc3 c6 4.f4 Qa5 5.Bd3 Bg4 6.Nf3 Nbd7 7.e5 Nd5 8.Bd2 Nxc3
9.bxc3 g6 10.h3 Bxf3 11.Qxf3 Bg7 12.exd6 e6 13.Rb1 Rb8 14.Ke2 Qd5 15.Qxd5 exd5
16.Kf3 O-O 17.Rhe1 Rfd8 18.f5 Bf8 19.Bg5 f6 20.Bf4 g5 21.Bh2 Nb6 22.Re6 Kf7
23.h4 gxh4 24.Bf4 Rd7 25.Rh1 Re8 26.Rxh4 Rxe6 27.Rxh7+ Ke8 28.fxe6 Rxh7 29.Bxh7 Nc4
30.e7 Bxe7 31.dxe7 Kxe7 32.Bd3 Na3 33.Bc1 Nb1 34.Bb2 a5 35.Ke2 b5 36.a3 Kd6
37.Kd1 b4 38.cxb4 axb4 39.axb4 Ke6 40.g4 Kd6 41.Kc1  1-0

[Event "XIX Open"]
[Site "Porto San Giorgio ITA"]
[Date "2007.08.22"]
[Round "2"]
[White "Tomescu,V"]
[Black "Scipioni,G"]
[Result "1-0"]
[WhiteElo "2407"]
[BlackElo "2121"]

1.e4 d6 2.d4 Nf6 3.Nc3 c6 4.f4 Qa5 5.Bd2 e5 6.Nd5 Qd8 7.Nxf6+ Qxf6 8.Nf3 Bg4
9.fxe5 dxe5 10.dxe5 Qg6 11.Bd3 Nd7 12.Bc3 O-O-O 13.Qd2 Bc5 14.O-O-O Rhe8
15.Kb1 Bxf3 16.gxf3 Nxe5 17.Bxe5 Rxe5 18.f4 Ree8 19.e5 Qh6 20.Rhf1 Kb8 21.Rde1 Bd4
22.Qe2 Qh3 23.Bc4 Qf5 24.h4 g6 25.Qg2 a5 26.Qg5 Qxg5 27.hxg5 Re7 28.a4 Kc7
29.c3 Bc5 30.Kc2 Red7 31.Re2 Re8 32.Rf3 Rh8 33.Rh2 Bf8 34.Rfh3 Kd8 35.Rxh7 Rxh7
36.Rxh7 Ke8 37.Rh8 Ke7 38.Rg8 Ke8 39.e6 fxe6 40.Rxg6 Rd6 41.Bxe6 Ke7 42.f5 b5
43.Rf6 bxa4 44.Rf7+ Ke8 45.g6 a3 46.bxa3  1-0

[Event "1st Serbian League Men"]
[Site "Zlatibor SRB"]
[Date "2007.08.22"]
[Round "2"]
[White "Savic,Miod1"]
[Black "Lazic,Mir"]
[Result "1/2-1/2"]
[WhiteElo "2514"]
[BlackElo "2465"]

1.e4 d6 2.d4 Nf6 3.Nc3 e5 4.dxe5 dxe5 5.Qxd8+ Kxd8 6.Bc4 Be6 7.Bxe6 fxe6
8.f3 Bd6 9.Be3 Nbd7 10.Nh3 Ke7 11.Nf2 a6 12.a4 b6 13.Ke2 c5 14.Rhb1 Nb8 15.Ncd1 Nc6
16.c3 h6 17.b3 Nd7 18.Ra2 Rhc8 19.Nb2 Na5 20.Nc4 Nxc4 21.bxc4 Bc7 22.Nd3 Kd6
23.Bf2 Kc6 24.Bg3 Rf8 25.h4 h5 26.Rab2 Rf6 27.Rh1 Raf8 28.Rh3 Rg6 29.Kf2 Rb8
30.Rh1 Rf8 31.Bh2 Rgf6 32.Ke3 Rg6 33.Rg1 Bd8 34.Nxe5+ Nxe5 35.Bxe5 Bxh4 36.Rh1 Bg5+
37.Kf2 h4 38.Rd1 Be7 39.Rbd2 Rg5 40.Bd6 Rf7 41.Bxe7 Rxe7 42.Rd6+ Kc7 43.a5 bxa5
44.Rxa6 Kb7 45.Rxa5 Kb6 46.Ra8 Rh5 47.Rda1 Rd7 48.Ke3 Rg5 49.R1a6+ Kb7 50.R6a7+ Kc6
51.Rxd7 Kxd7 52.Kf2 Rg3 53.Rh8 g5 54.e5 Ke7 55.Rh7+ Kf8 56.Rh6 Kf7 57.Rf6+ Ke7
58.Rg6 Kf7 59.Rh6 Ke7 60.Rh7+ Kf8 61.Rc7 g4 62.fxg4 Rxg4 63.Rxc5 Kf7 64.Rc8 Re4
65.Kf3 Rxe5 66.Rh8 Rf5+ 67.Ke4 Rg5 68.Rxh4 Rxg2 69.Ke5 Ke7 70.Rh7+ Kd8 71.c5 Rd2
72.Kxe6 Kc8 73.Ke5 Rd3 74.Rg7 Rd1 75.Ke4 Rd2 76.Ke5 Rd3 77.Rh7 Rd2 78.Rh6 Kc7
79.Rd6 Rh2 80.Kd5 Rh5+ 81.Kc4 Rh1 82.Rg6 Rf1 83.c6 Rf5 84.Kb4 Rd5 85.Re6 Rg5
86.Kc4 Rf5 87.Kd4 Rg5 88.c4 Rh5 89.Kc3 Rc5 90.Kb4 Rxc6 91.Re5 Rb6+ 92.Ka5 Rb1
93.Rc5+ Kd6 94.Rb5 Rc1  1/2-1/2

[Event "20th Open"]
[Site "Panevezys LTU"]
[Date "2007.08.23"]
[Round "8"]
[White "Petrovs,A"]
[Black "Ziabari,M"]
[Result "1/2-1/2"]
[WhiteElo "1789"]
[BlackElo "2003"]

1.e4 d6 2.d4 Nf6 3.Nc3 c6 4.g3 Qc7 5.Bg2 e5 6.Nge2 Bg4 7.O-O exd4 8.Qxd4 Qb6
9.Qe3 Nbd7 10.h3 Be6 11.b3 Be7 12.Kh1 O-O 13.f4 Qxe3 14.Bxe3 Nb6 15.Rad1 Rad8
16.f5 Bc8 17.a4 c5 18.g4 h6 19.Bf4 a6 20.Rd2 Ne8 21.Rfd1 Bg5 22.Kh2 Bxf4+
23.Nxf4 Nd7 24.Rd5 b6 25.R5d2 Bb7 26.Nfd5 Kh8 27.Kg3 Kh7 28.h4 Ra8 29.Bf3  1/2-1/2

[Event "20th Open"]
[Site "Panevezys LTU"]
[Date "2007.08.23"]
[Round "8"]
[White "Petraitis,G"]
[Black "Vaitonis,V"]
[Result "1/2-1/2"]
[WhiteElo "2101"]
[BlackElo "2117"]

1.d4 d6 2.e4 Nf6 3.Nc3 c6 4.f4 Qa5 5.Bd3 e5 6.Nf3 Nbd7 7.O-O Be7 8.h3 O-O
9.Be3 exd4 10.Nxd4 Nc5  1/2-1/2

[Event "1st Serbian League Men"]
[Site "Zlatibor SRB"]
[Date "2007.08.23"]
[Round "3"]
[White "Perunovic,Mil"]
[Black "Jovanovic,Zo CRO"]
[Result "1/2-1/2"]
[WhiteElo "2589"]
[BlackElo "2537"]

1.e4 d6 2.d4 Nf6 3.Nc3 e5 4.Nf3 Nbd7 5.Bc4 Be7 6.O-O O-O 7.Re1 c6 8.a4 h6
9.h3 Re8 10.b3 Qc7 11.Bb2 Nf8 12.Qd2 Ng6 13.Rad1 a6 14.Bd3 b5 15.axb5 axb5
16.b4 Bd7 17.Ne2 Bf8 18.Ng3 Rad8 19.c3 Qb7 20.Bc2 Qc8 21.Kh2 Be6  1/2-1/2

[Event "Euwe Stimulans"]
[Site "Arnhem NED"]
[Date "2007.08.24"]
[Round "7"]
[White "Hendriks,W"]
[Black "Panno,O"]
[Result "1/2-1/2"]
[WhiteElo "2420"]
[BlackElo "2457"]

1.e4 d6 2.d4 Nf6 3.Nc3 e5 4.Nge2 Nc6 5.f3 Be7 6.Be3 O-O 7.d5 Nb8 8.Ng3 c6
9.Qd2 cxd5 10.exd5 Ne8 11.f4 exf4 12.Bxf4 Nd7 13.Bd3 Bf6 14.O-O g6 15.Nge4 Bg7
16.Rae1 a6 17.Kh1 Ne5 18.Bh6 f5 19.Bxg7 Nxg7 20.Ng5 Bd7 21.Ne2 Qf6 22.Ne4 Qe7
23.Nf2 Rae8 24.Nd4 Qh4 25.Be2 Rf7 26.g3 Qd8 27.Nh3 Rfe7 28.c3 Qc7 29.Nf4 Qc5
30.Nb3 Qc7 31.Nd4  1/2-1/2

[Event "TCh-ESP CECLUB Sur Div 1"]
[Site "Burguillos ESP"]
[Date "2007.08.24"]
[Round "4"]
[White "Ramirez Diaz,J"]
[Black "Alshameary Puente,I"]
[Result "1-0"]
[WhiteElo "2105"]
[BlackElo "1863"]

1.e4 d6 2.d4 Nf6 3.Nc3 c6 4.f4 Qa5 5.e5 Ne4 6.Qf3 Nxc3 7.Bd2 Qd5 8.Qxc3 Qe4+
9.Kf2 dxe5 10.dxe5 e6 11.Nf3 Nd7 12.Bd3 Nc5 13.Be3 Nxd3+ 14.cxd3 Qb4 15.Rhc1 Qxc3
16.Rxc3 Be7 17.Bc5 Bxc5+ 18.Rxc5 Bd7 19.d4 Ke7 20.Rac1 Rhd8 21.Ke3 Be8 22.Ng5 f6
23.Ne4 b6 24.R5c3 Rd5 25.Ra3 a6 26.Rb3 Rb5 27.Rcc3 Rxb3 28.Rxb3 Rb8 29.a4 Bg6
30.Nd6 Bc2 31.Rxb6 Rxb6 32.Nc8+ Kd7 33.Nxb6+ Kc7 34.a5 h5 35.g3 Bb3 36.Kd3 Bd1
37.Kc4 Be2+ 38.Kb4 Bf3 39.Na4 fxe5 40.fxe5 Be2 41.Nc5 g6 42.Nxe6+  1-0

[Event "Rubinstein Mem"]
[Site "Polanica Zdroj POL"]
[Date "2007.08.24"]
[Round "7"]
[White "Socko,B"]
[Black "Markowski,T"]
[Result "1/2-1/2"]
[WhiteElo "2660"]
[BlackElo "2573"]

1.e4 d6 2.d4 Nf6 3.Nc3 e5 4.Nge2 Nc6 5.f3 exd4 6.Nxd4 Be7 7.Nxc6 bxc6 8.Bc4 O-O
9.O-O Be6 10.Bb3 Nd7 11.Be3 Nb6 12.Qe2 Bf6 13.Qd3 c5 14.Bxe6 fxe6 15.f4 Qd7
16.Rae1 Qc6 17.Bc1 Bd4+ 18.Kh1 Rae8 19.Nd1 Bf6 20.Nf2 g6 21.Ng4 Bg7 22.c4 Nd7
23.b3 Nf6 24.Nxf6+ Rxf6 25.Bb2 Rf7 26.Bxg7 Kxg7 27.Rf3 Ref8 28.Ref1 a5 29.f5 exf5
30.exf5 Rxf5 31.Rxf5 Rxf5 32.Rxf5 gxf5 33.Qxf5 Qe8 34.Qg5+ Qg6 35.Qe7+ Qf7
36.Qg5+ Qg6 37.Qe7+ Qf7 38.Qg5+  1/2-1/2

[Event "16th VR Bank Open"]
[Site "Apolda GER"]
[Date "2007.08.25"]
[Round "5"]
[White "Zwahr,P"]
[Black "Hoffmann,Pau"]
[Result "1-0"]
[WhiteElo "2250"]
[BlackElo "2309"]

1.e4 d6 2.d4 Nf6 3.Nc3 c6 4.f4 g6 5.Nf3 Bg7 6.Bd3 O-O 7.O-O Nbd7 8.e5 dxe5
9.fxe5 Nd5 10.Nxd5 cxd5 11.Qe1 Qb6 12.Kh1 Nb8 13.c3 f6 14.Qg3 Bd7 15.Re1 Bb5
16.Bc2 f5 17.Qh4 e6 18.g4 Na6 19.Bh6 Bxh6 20.Qxh6 Rae8 21.a4 Bd7 22.gxf5 exf5
23.Rg1 Re7 24.Rg2 Rg7 25.Rag1 Qd8 26.Ng5 Qe7 27.Nxh7 Be8 28.Nxf8 Qxf8 29.Rg3 Nc7
30.Rh3 Kf7 31.Bxf5 gxf5 32.Qf6+  1-0

[Event "27th Open"]
[Site "Bratto ITA"]
[Date "2007.08.25"]
[Round "3"]
[White "Jaracz,P"]
[Black "Efimov,Ig"]
[Result "1-0"]
[WhiteElo "2495"]
[BlackElo "2426"]

1.e4 d6 2.d4 Nf6 3.Nc3 e5 4.Nge2 c6 5.g3 Be7 6.a4 exd4 7.Nxd4 d5 8.e5 Ne4
9.Nxe4 dxe4 10.Bg2 Qa5+ 11.Bd2 Qxe5 12.Bc3 Qc7 13.Bxe4 Na6 14.O-O Nc5 15.Bf5 O-O
16.Bxc8 Qxc8 17.Qf3 g6 18.Rfe1 Ne6 19.Nf5 gxf5 20.Qxf5 Re8 21.Qe5 f6 22.Qxe6+ Qxe6
23.Rxe6 Bf8 24.Rae1 Rxe6 25.Rxe6 Rd8 26.a5 Rd1+ 27.Kg2 Rc1 28.a6 bxa6 29.Rxc6 Rxc2
30.Rxa6 f5 31.Rf6 Bg7 32.Rxf5 Bxc3 33.bxc3 Rxc3 34.Ra5 Rc7 35.Kh3 Kf7 36.Ra6 Ke8
37.Kg4 Kd7 38.f4 Kc8 39.f5 Kb7 40.Ra2 Rc6 41.Rf2 Rf6 42.Kg5 Rf7 43.f6  1-0

[Event "Dato Arthur Tan Malaysian Op"]
[Site "Kuala Lumpur MAS"]
[Date "2007.08.25"]
[Round "9"]
[White "Chong Chor Yuen"]
[Black "Shen Siyuan"]
[Result "1-0"]
[WhiteElo "2067"]
[BlackElo "2337"]

1.e4 d6 2.d4 Nf6 3.Nc3 Nbd7 4.Nf3 e5 5.Bc4 Be7 6.O-O O-O 7.Bg5 c6 8.dxe5 dxe5
9.a4 h6 10.Be3 Qc7 11.Nh4 Rd8 12.Nf5 Bf8 13.Qf3 Kh7 14.Bxf7 Nc5 15.Bc4 Ne8
16.Nxh6 Nd6 17.Bg8+ Kh8 18.Bxc5 gxh6 19.Bb3 b6 20.Bxd6 Bxd6 21.Qf6+ Kh7 22.Bf7  1-0

[Event "Open A"]
[Site "Polanica Zdroj POL"]
[Date "2007.08.25"]
[Round "9"]
[White "Mucha,R"]
[Black "Wieczorek,Z"]
[Result "1/2-1/2"]
[WhiteElo "2088"]
[BlackElo "2301"]

1.d4 Nf6 2.Nc3 d6 3.e4 e5 4.Nf3 Nbd7 5.Bc4 Be7 6.O-O O-O 7.h3 c6 8.a4 h6
9.Be3 Re8 10.Re1 exd4 11.Qxd4 Bf8 12.Bf4 Qb6 13.Qxb6 axb6 14.e5 dxe5 15.Nxe5 Nxe5
16.Bxe5 b5 17.Bb3 Nd7 18.Bc7 Rxe1+ 19.Rxe1 bxa4 20.Nxa4 b5 21.Nb6 Nxb6 22.Bxb6 Bd7  1/2-1/2

[Event "16th VR Bank Open"]
[Site "Apolda GER"]
[Date "2007.08.26"]
[Round "6"]
[White "Heimann,An"]
[Black "Pichl,M"]
[Result "1-0"]
[WhiteElo "2265"]
[BlackElo "2084"]

1.e4 d6 2.d4 Nf6 3.Nc3 Nbd7 4.Nf3 e5 5.Bc4 Be7 6.O-O O-O 7.Qe2 a6 8.dxe5 dxe5
9.Rd1 b5 10.Bb3 Qe8 11.Nd5 Bd8 12.a4 c6 13.Nxf6+ Nxf6 14.axb5 cxb5 15.Bg5 Bg4
16.h3 Bh5 17.Qe3 Bg6 18.Bxf6 Bxf6 19.Bd5 Rc8 20.c3 b4 21.c4 Be7 22.Rxa6 Bc5
23.Qg5 Kh8 24.Nxe5 h6 25.Qg3 Bh7 26.Nd3 Bxe4 27.Re1 f5 28.Nxc5 Rxc5 29.Ra7 g5
30.Qd6  1-0

[Event "Dato Arthur Tan Malaysian Op"]
[Site "Kuala Lumpur MAS"]
[Date "2007.08.26"]
[Round "11"]
[White "Low Jun Jian"]
[Black "Shen Siyuan"]
[Result "0-1"]
[WhiteElo "2057"]
[BlackElo "2337"]

1.e4 d6 2.d4 Nf6 3.Nc3 Nbd7 4.Nf3 e5 5.dxe5 dxe5 6.a3 Be7 7.Bc4 O-O 8.O-O c6
9.Bg5 Qc7 10.Qe2 Nc5 11.h3 b5 12.Ba2 a5 13.Nd2 b4 14.axb4 axb4 15.Bxf7+ Kxf7
16.Rxa8 bxc3 17.Bxf6 gxf6 18.Qc4+ Ne6 19.Qxc3 Nf4 20.Qc4+ Be6 21.Rxf8+ Kxf8
22.Qa6 Bc5 23.Qa8+ Kg7 24.Qe8 Bf7 25.Qa8 Qb6 26.Qa1 Ne2+ 27.Kh2 Bxf2 28.Qd1 Qe3
29.b3 Qf4+  0-1